[Event "Veneto-ch qf 81st"]
[Site "Verona"]
[Date "2022.05.08"]
[Round "4.20"]
[White "Giroldi, Gilberto"]
[Black "Prealta, Fiorenzo"]
[Result "1-0"]
[WhiteElo "1398"]
[BlackElo "1092"]
[PlyCount "81"]
[EventDate "2022.05.06"]
[EventType "swiss"]
[EventRounds "5"]
[EventCountry "ITA"]
[SourceTitle "EXT 2024"]
[Source "ChessBase"]
[SourceDate "2023.10.10"]
[SourceVersion "1"]
[SourceVersionDate "2023.10.10"]
[SourceQuality "1"]

1. e4 e5 2. Nf3 d6 3. Bc4 Be7 4. Nc3 Nf6 5. 0-0 Nc6 6. Re1 0-0 7. d3 Na5 8. Bd5 c6 9. Bb3 Bg4 10. h3 Bh5 11. g4 Nxb3 12. cxb3 Bg6 13. Bg5 h6 14. Bd2 Nh7 15. Ne2 Qd7 16. Ng3 Nf6 17. Nh4 Bh7 18. Kg2 Nxe4 19. dxe4 Bxh4 20. Nf5 Bxf5 21. exf5 Rfe8 22. Re2 d5 23. Qc2 a6 24. Rae1 e4 25. Bc1 Rac8 26. b4 b6 27. a4 c5 28. Qb3 c4 29. Qd1 Qb7 30. Qd4 Bf6 31. Qe3 Bg5 32. Qg3 Bf6 33. h4 b5 34. g5 Be5 35. Qg4 hxg5 36. hxg5 Bd6 37. f6 Be5 38. Rh1 e3 39. f3 gxf6 40. gxf6+ Kf8 41. Rh8# 1-0

[Event "Veneto-ch qf 81st"]
[Site "Verona"]
[Date "2022.05.07"]
[Round "2.16"]
[White "Giroldi, Gilberto"]
[Black "Passon, Stefano"]
[Result "0-1"]
[WhiteElo "1398"]
[BlackElo "1698"]
[PlyCount "66"]
[EventDate "2022.05.06"]
[EventType "swiss"]
[EventRounds "5"]
[EventCountry "ITA"]
[SourceTitle "EXT 2024"]
[Source "ChessBase"]
[SourceDate "2023.10.10"]
[SourceVersion "1"]
[SourceVersionDate "2023.10.10"]
[SourceQuality "1"]

1. e4 e5 2. Nf3 Nc6 3. d4 exd4 4. Nxd4 Nf6 5. Nc3 Bc5 6. Be3 Bb6 7. Bc4 d6 8. 0-0 0-0 9. Bg5 Bxd4 10. Nd5 Be6 11. c3 Bb6 12. Kh1 Ne5 13. Bb3 Bxd5 14. exd5 h6 15. Bh4 Ng6 16. Bg3 Ne4 17. c4 Nxg3+ 18. fxg3 Qg5 19. Qd3 Ne5 20. Qe4 Rae8 21. h4 Qxg3 22. Bc2 Ng6 23. Qf3 Qxh4+ 24. Qh3 Qxh3+ 25. gxh3 Re2 26. Bd3 Rxb2 27. Rf3 Ne5 28. Rg3 Nxd3 29. Rxd3 f5 30. a4 a5 31. Re1 f4 32. Re7 f3 33. h4 f2 0-1